000 00433nmm a2200157Ia 4500
008 251105s9999||||xx |||||||||||||||||und||
020 _a9788412258981
041 _aspa
100 _aSierra i Fabra, Jordi
245 0 _aEdad: 143 años
264 _a[Madrid, España] :
_bEditorial SiF,
_c2021
300 _a300 páginas
650 _aSpanish narrative
856 _uhttps://public.digitaliapublishing.com/a/100094
942 _cCF
999 _c76199
_d76199